[Event "1700s Anonymous"]
[Site "SchemingMind.com"]
[Date "2016.05.27"]
[Round "-"]
[White "svarog"]
[Black "Scooter"]
[Result "0-1"]
[WhiteCountry "SWE"]
[BlackCountry "USA"]
[WhiteElo "1890"]
[WhiteRD "104"]
[BlackElo "1745"]
[BlackRD "53"]
[GameID "399691"]

1. e4 c6 2. d4 d5 3. e5 Bf5 4. Nf3 e6 5. Be2 Nd7 6. c3 c5 7. Nbd2 cxd4 8. cxd4 Bb4 9. a3 Bxd2+ 10. Bxd2 Ne7
11. Bg5 h6 12. Bh4 O-O 13. Rc1 Re8 14. Qd2 Qb6 15. O-O Rac8 16. b4 Ng6 17. Bg3 Bg4 18. Rc3 Bxf3 19. Bxf3 Rc6 20. Rfc1 Rec8
21. Be2 Rxc3 22. Rxc3 Rxc3 23. Qxc3 Qc6 24. Qb2 b5 25. f3 Qb6 26. Bf2 a6 27. Qc2 Qb8 28. a4 bxa4 29. Qxa4 Qc7 30. Qxa6 Nf4
31. Bf1 Qc1 32. h3 Qd1 33. Kh2 Nf8 34. Kg3 N8g6 35. h4 Qd2 36. Bg1 Nh5+ 37. Kh3 Qe1
0-1

[Event "1700s Anonymous"]
[Site "SchemingMind.com"]
[Date "2016.05.28"]
[Round "-"]
[White "Holty"]
[Black "svarog"]
[Result "0-1"]
[WhiteCountry "ENG"]
[BlackCountry "SWE"]
[WhiteElo "1768"]
[WhiteRD "61"]
[BlackElo "1890"]
[BlackRD "104"]
[GameID "399692"]

1. d4 d5 2. Nf3 Nf6 3. e3 c6 4. c4 e6 5. Nbd2 c5 6. b3 b6 7. Bb2 Bb7 8. Be2 Nbd7 9. O-O Bd6 10. Ne5 O-O
11. f4 Ne4 12. Nxe4 dxe4 13. Nxd7 Qxd7 14. dxc5 bxc5 15. Qc2 Qc7 16. Qc3 f6 17. Rfd1 e5 18. f5 a5 19. a3 Rfb8 20. Rd2 Rd8
21. Bh5 Bc8 22. Qc2 Bxf5 23. g4 Be6 24. Qxe4 Rab8 25. Qc2 Qb7 26. Rg2 Qxb3 27. Qxb3 Rxb3 28. e4 Rdb8 29. Ra2 Bxc4 30. g5 fxg5
31. Bg4 Re3 32. Ra1 Rxe4 33. Bf3 Rf4 34. Rf2 g4 35. Rd1 Bc7 36. Bxe5 Bxe5 37. Bg2 Bd4
0-1

[Event "1700s Anonymous"]
[Site "SchemingMind.com"]
[Date "2016.05.27"]
[Round "-"]
[White "svarog"]
[Black "Holty"]
[Result "1-0"]
[WhiteCountry "SWE"]
[BlackCountry "ENG"]
[WhiteElo "1890"]
[WhiteRD "104"]
[BlackElo "1768"]
[BlackRD "61"]
[GameID "399693"]

1. e4 e6 2. d4 d5 3. Nd2 Nf6 4. e5 Nfd7 5. c3 h6 6. f4 b6 7. Bd3 Ba6 8. Bxa6 Nxa6 9. Ne2 c5 10. O-O Be7
11. Nf3 O-O 12. Ng3 cxd4 13. cxd4 Rc8 14. Be3 Nc7 15. Qd2 f6 16. exf6 Nxf6 17. Ne5 Qe8 18. f5 Ne4 19. Nxe4 dxe4 20. fxe6 Nxe6
21. Rac1 Bg5 22. Qe2 Nxd4 23. Bxd4 Rxc1 24. Rxc1 Bxc1 25. Qc4+ Kh8 26. Qxc1 Rf5 27. Qc7 Qf8 28. Ng6+ Kg8 29. Nxf8 Kxf8 30. Qc8+ Kf7
31. Qxf5+
1-0

[Event "1700s Anonymous"]
[Site "SchemingMind.com"]
[Date "2016.06.01"]
[Round "-"]
[White "basicmann"]
[Black "svarog"]
[Result "0-1"]
[WhiteCountry "USA"]
[BlackCountry "SWE"]
[WhiteElo "1807"]
[WhiteRD "100"]
[BlackElo "1914"]
[BlackRD "102"]
[GameID "399694"]

1. e4 c5 2. d4 cxd4 3. c3 dxc3 4. Nxc3 Nc6 5. Nf3 d6 6. Bc4 e6 7. O-O Nf6 8. Qe2 Be7 9. Rd1 Nd7 10. Bf4 e5
11. Be3 Nf6 12. Rac1 a6 13. b4 O-O 14. a3 b5 15. Bb3 Bb7 16. Nd5 Nxd5 17. Bxd5 Rc8 18. Nxe5 Qe8 19. Nd3 Bf6 20. Qd2 Qe7
21. f4 Rfd8 22. Qf2 Nb8 23. Bxb7 Qxb7 24. Rxc8 Rxc8 25. e5 dxe5 26. fxe5 Be7 27. Nc5 Qc6 28. Qf3 Qg6 29. Qd5 Qb6 30. Kf2 Rd8
31. Qb7 Qxb7 32. Rxd8+ Bxd8 33. Nxb7 Bc7 34. Bd4 Nd7 35. Nc5 Nxc5 36. bxc5 Kf8 37. Ke3 Ke7 38. Ke4 Ke6 39. g4 Bd8 40. Bf2= Bg5
41. Be1 Bc1 42. Bb4 Bb2 43. c6 Bxe5 44. Ba5 Bxh2
0-1

[Event "1700s Anonymous"]
[Site "SchemingMind.com"]
[Date "2016.05.31"]
[Round "-"]
[White "svarog"]
[Black "basicmann"]
[Result "1-0"]
[WhiteCountry "SWE"]
[BlackCountry "USA"]
[WhiteElo "1779"]
[WhiteRD "162"]
[BlackElo "1805"]
[BlackRD "99"]
[GameID "399695"]

1. e4 c5 2. Nf3 g6 3. d4 cxd4 4. Nxd4 Bg7 5. Nc3 Nc6 6. Be3 Nf6 7. f3 O-O 8. Be2 d5 9. exd5 Nxd5 10. Nxd5 Qxd5
11. Nxc6 Qxc6 12. c3 Bf5 13. O-O Bd3 14. Bxd3
1-0

[Event "1700s Anonymous"]
[Site "SchemingMind.com"]
[Date "2016.06.10"]
[Round "-"]
[White "APB"]
[Black "David Hartley"]
[Result "1-0"]
[WhiteCountry "ENG"]
[BlackCountry "ENG"]
[WhiteElo "1721"]
[WhiteRD "78"]
[BlackElo "1797"]
[BlackRD "69"]
[GameID "400063"]

1. e4 e5 2. Nf3 Nc6 3. Bc4 Bc5 4. c3 Nf6 5. d4 exd4 6. cxd4 Bb4+ 7. Nc3 Nxe4 8. O-O Bxc3 9. bxc3 d5 10. Bd3 O-O
11. Qc2 Re8 12. Re1 Nf6 13. Ba3 Be6 14. Ng5 h6 15. Nxe6 Rxe6 16. Rxe6 fxe6 17. f3 Qd7 18. Rb1 Nd8 19. c4 c6 20. Bc1 Nf7
21. Bf4 Re8 22. Bg3 Ng5 23. Be5 Ngh7 24. c5 g5 25. Bxh7+ Qxh7 26. Qxh7+ Nxh7 27. Rxb7 Ra8 28. Rg7+
1-0

[Event "1700s Anonymous"]
[Site "SchemingMind.com"]
[Date "2016.06.06"]
[Round "-"]
[White "APB"]
[Black "Clive Everill"]
[Result "0-1"]
[WhiteCountry "ENG"]
[BlackCountry "CZE"]
[WhiteElo "1681"]
[WhiteRD "74"]
[BlackElo "1706"]
[BlackRD "55"]
[GameID "400065"]

1. e4 e5 2. Nf3 Nc6 3. Bc4 Bc5 4. b4 Bb6 5. a4 a6 6. b5 axb5 7. Bxb5 d6 8. Bxc6+ bxc6 9. d4 Bg4 10. c3 exd4
11. a5 Ba7 12. h3 Bxf3 13. Qxf3 dxc3 14. Nxc3 Ne7 15. O-O O-O 16. Rd1 Qc8 17. Bb2 Ng6 18. Qg3 Kh8 19. Ne2 Qe6 20. Nf4 Qxe4
21. Re1 Qxf4 22. Qxf4 Nxf4
0-1

[Event "1700s Anonymous"]
[Site "SchemingMind.com"]
[Date "2016.06.06"]
[Round "-"]
[White "Clive Everill"]
[Black "APB"]
[Result "1-0"]
[WhiteCountry "CZE"]
[BlackCountry "ENG"]
[WhiteElo "1706"]
[WhiteRD "55"]
[BlackElo "1681"]
[BlackRD "74"]
[GameID "400066"]

1. e4 c5 2. Nf3 d6 3. c3 Nf6 4. Be2 Nxe4 5. Qa4+ Bd7 6. Qxe4 Bc6 7. Qg4 Nd7 8. O-O Nf6 9. Qc4 e5 10. d3 Be7
11. Bg5 O-O 12. Nbd2 h6 13. Bxf6 Bxf6 14. Rad1 Qd7 15. a3 b5 16. Qa2 Qb7 17. Rfe1 Bd5 18. b3 a5 19. c4 Be6 20. cxb5 Qxb5
21. d4 Qb6 22. Nc4 Bxc4 23. Bxc4 exd4 24. Nd2 Rae8 25. Ne4 Bd8 26. Rd2 Re5 27. Rde2 Rfe8 28. b4 R8e7 29. bxa5 Qxa5 30. Nxd6
1-0

[Event "1700s Anonymous"]
[Site "SchemingMind.com"]
[Date "2016.06.05"]
[Round "-"]
[White "APB"]
[Black "Scooter"]
[Result "1-0"]
[WhiteCountry "ENG"]
[BlackCountry "USA"]
[WhiteElo "1681"]
[WhiteRD "74"]
[BlackElo "1738"]
[BlackRD "54"]
[GameID "400067"]

1. e4 c6 2. d4 d5 3. Nc3 dxe4 4. Nxe4 Bf5 5. Ng3 Bg6 6. Nf3 Nd7 7. h4 h6 8. h5 Bh7 9. Bd3 Bxd3 10. Qxd3 Qc7
11. Bd2 O-O-O 12. O-O-O Ngf6 13. Qa3 Kb8 14. Ne2 e6 15. Qb3 Ne4 16. Be3 Be7 17. Nc3 Nxc3 18. Qxc3 Nf6 19. Ne5 Bd6 20. Nf3 Bf4
21. Bxf4 Qxf4+ 22. Kb1 Ne4 23. Qe1 Qg4 24. Rh2 f6 25. Nd2 Nxf2 26. Qxf2 Qxd4 27. Qg3+ e5 28. Rh4 Qd7 29. Qf3 Qc7 30. a3 Qa5
31. Rb4 Rd7 32. Qxc6 Rhd8 33. Ka2 f5 34. Nc4 Qc7 35. Qxc7+
1-0

[Event "1700s Anonymous"]
[Site "SchemingMind.com"]
[Date "2016.06.06"]
[Round "-"]
[White "Scooter"]
[Black "APB"]
[Result "1-0"]
[WhiteCountry "USA"]
[BlackCountry "ENG"]
[WhiteElo "1738"]
[WhiteRD "54"]
[BlackElo "1681"]
[BlackRD "74"]
[GameID "400068"]

1. d4 d5 2. Nf3 Nf6 3. Bf4 e6 4. e3 Bd6 5. Bxd6 Qxd6 6. c3 O-O 7. Be2 Nc6 8. O-O e5 9. dxe5 Nxe5 10. Nbd2 Bg4
11. Nxe5 Bxe2 12. Nxf7 Rxf7 13. Qxe2 Re8 14. Rad1 Qe6 15. Nb3 b6 16. Nd4 Qd7 17. c4 c5 18. Nf3 Qb7 19. cxd5 Nxd5 20. Qc2 Rd7
21. Qc4 Kh8 22. a3 b5 23. Qxc5 Rc8 24. Qd4 b4 25. axb4 Rcd8 26. Ne5 Nf4 27. Qxf4 Rxd1 28. Nf7+ Kg8 29. Nxd8 Rxd8 30. Qc4+ Kh8
31. h3 h6 32. Rc1 Qd5 33. Qxd5 Rxd5 34. Rc7
1-0

[Event "1700s Anonymous"]
[Site "SchemingMind.com"]
[Date "2016.06.06"]
[Round "-"]
[White "APB"]
[Black "Holty"]
[Result "0-1"]
[WhiteCountry "ENG"]
[BlackCountry "ENG"]
[WhiteElo "1681"]
[WhiteRD "74"]
[BlackElo "1785"]
[BlackRD "65"]
[GameID "400069"]

1. e4 e6 2. d4 d5 3. Nc3 Nf6 4. e5 Nfd7 5. f4 c5 6. dxc5 Nc6 7. a3 Bxc5 8. Nb5 O-O 9. Bd3 f6 10. Qh5 f5
11. Nd6 Bxd6 12. exd6 Nf6 13. Qe2 Qxd6 14. Nf3 Bd7 15. O-O Rfe8 16. Ne5 a6 17. Nxd7 Nxd7 18. b4 b5 19. Bb2 Rac8 20. Rad1 Qb8
21. Qf2 Rf8 22. Qg3 Nf6 23. Qh3 Qb6+ 24. Kh1 Ng4 25. Rd2 Rce8 26. Be2 Nf2+
0-1

[Event "1700s Anonymous"]
[Site "SchemingMind.com"]
[Date "2016.06.06"]
[Round "-"]
[White "APB"]
[Black "basicmann"]
[Result "1-0"]
[WhiteCountry "ENG"]
[BlackCountry "USA"]
[WhiteElo "1721"]
[WhiteRD "78"]
[BlackElo "1827"]
[BlackRD "98"]
[GameID "400071"]

1. e4 c5 2. Nf3 g6 3. c3 Bg7 4. d4 Qc7 5. dxc5 Qxc5 6. Be3 Qc7 7. g3 Nf6 8. Na3 b6 9. Bd3 Nc6 10. Nb5 Qd8
11. O-O d6 12. Nbd4 Bd7 13. Nxc6 Bxc6 14. e5 Ne4 15. Bxe4 d5 16. Bd3 Qd7 17. Qd2 h6 18. a4 Qh3 19. Bb5 Rc8 20. Bxc6+ Rxc6
21. Qxd5 Qc8 22. Nd4 Rc5 23. Qf3 O-O 24. Nb3 Rc6 25. Qe4 Kh7 26. a5 Re6 27. f4 f6 28. Nd4
1-0

[Event "1700s Anonymous"]
[Site "SchemingMind.com"]
[Date "2016.06.06"]
[Round "-"]
[White "APB"]
[Black "svarog"]
[Result "0-1"]
[WhiteCountry "ENG"]
[BlackCountry "SWE"]
[WhiteElo "1603"]
[WhiteRD "74"]
[BlackElo "1914"]
[BlackRD "102"]
[GameID "400073"]

1. e4 e5 2. Nf3 Nc6 3. Bc4 Bc5 4. b4 Bxb4 5. c3 Ba5 6. d4 exd4 7. Nxd4 Qf6 8. Be3 Nge7 9. O-O d6 10. f4 O-O
11. Qd3 Bd7 12. Nd2 Bb6 13. Rab1 Na5 14. Bb5 c6 15. Ba4 Ng6 16. Qe2 Qh4 17. f5 Ne5 18. Rf4 Qf6 19. Bc2 d5 20. Bf2 dxe4
21. Nxe4 Qd8 22. Nd6 f6 23. Rd1 Qc7 24. Ne6 Bxe6 25. fxe6 Qe7 26. Qh5 g6 27. Qh3 Bxf2+ 28. Kxf2 f5 29. Nf7 Nxf7 30. exf7+ Rxf7
31. c4 Re8 32. Bd3 Qc5+ 33. Kf1 Rfe7
0-1

[Event "1700s Anonymous"]
[Site "SchemingMind.com"]
[Date "2016.06.06"]
[Round "-"]
[White "svarog"]
[Black "APB"]
[Result "1/2-1/2"]
[WhiteCountry "SWE"]
[BlackCountry "ENG"]
[WhiteElo "1914"]
[WhiteRD "102"]
[BlackElo "1603"]
[BlackRD "74"]
[GameID "400074"]

1. e4 c5 2. Nf3 d6 3. Bc4 e6 4. Nc3 Be7 5. d4 cxd4 6. Nxd4 Nc6 7. O-O Nf6 8. Be3 O-O 9. f3 a6 10. a3 Ne5
11. Ba2 Qc7 12. Qe2 Bd7 13. Nd1 Rac8 14. Rc1 d5 15. exd5 Nxd5 16. Bf2 Nc4 17. Bxc4 Qxc4 18. Qxc4 Rxc4 19. Ne3 Rxd4 20. Nf5 Rc4
21. Nxe7+ Nxe7 22. Rfd1 Nd5 23. b3 Rc6 24. c4 Nc3 25. Rxc3 Bc8 26. Rcd3 e5 27. c5 h6 28. b4 Bf5 29. Rd6 Bc2 30. R1d2 Ba4
31. h3 Rcc8 32. Bg3 f6 33. Kf2 Kh7= 34. Ke3 Bc6 35. f4 exf4+ 36. Bxf4 Rce8+ 37. Kf2 Re4 38. g3 Rfe8 39. R6d3 Bb5 40. Re3 g5
41. Rxe4 Rxe4 42. Be3 Re7 43. Rd6 Kg6 44. Bd4 Rf7 45. g4 Bc6 46. Kg3 Bb5 47. Kf2=
1/2-1/2